El Seminario pontificio de Comillas (Record no. 174263)

MARC details
000 -LEADER
campo de control de longitud fija 00680namaa22001811 4500
001 - NÚMERO DE CONTROL
campo de control 174263
003 - IDENTIFICADOR DE NÚMERO DE CONTROL
campo de control ES-MaACL
005 - FECHA Y HORA DE LA ÚLTIMA TRANSACCIÓN
campo de control 20230906215457.0
008 - DATOS DE LONGITUD FIJA--INFORMACIÓN GENERAL
campo de control de longitud fija 100318s1928 sp r |||| | spa d
080 ## - NÚMERO DE LA CLASIFICACIÓN DECIMAL UNIVERSAL
Número de la Clasificación Decimal Universal 378.62(460.27 M.)(091)
100 1# - ENTRADA PRINCIPAL--NOMBRE DE PERSONA
Nombre de persona Abad, Camilo María,
Fechas asociadas al nombre 1878-1969
9 (RLIN) 226437
245 13 - MENCIÓN DEL TÍTULO
Título El Seminario pontificio de Comillas
Resto del título : historia de su fundación y primeros años (1881-1925) /
Mención de responsabilidad, etc. por Camilo Maria Abad.
260 ## - PUBLICACIÓN, DISTRIBUCIÓN, ETC.
Lugar de publicación, distribución, etc. Madrid :
Nombre del editor, distribuidor, etc. [s.n.],
Fecha de publicación, distribución, etc. 1928 (
Fabricante Tip. Católica de Alberto Fontana)
300 ## - DESCRIPCIÓN FÍSICA
Extensión 362 p., [6] h. de lám. :
Otras características físicas il. ;
Dimensiones 24 cm.
610 24 - PUNTO DE ACCESO ADICIONAL DE MATERIA--NOMBRE DE ENTIDAD CORPORATIVA
Nombre de entidad corporativa o nombre de jurisdicción como elemento de entrada Seminario Pontificio de Comillas.
9 (RLIN) 142372
852 ## - LOCALIZACIÓN
Ubicación ES-MaACL
Número de control de estantería G-8127
Holdings
Estatus retirado Estado de pérdida Estado de daño No para préstamo Biblioteca de origen Biblioteca actual Ubicación en estantería Fecha de adquisición Fuente de adquisición Total de préstamos Signatura topográfica completa Código de barras Visto por última vez Precio de reemplazo Tipo de ítem Koha
        Biblioteca del Ateneo de Madrid Biblioteca del Ateneo de Madrid Sala Pecera Planta 3 18/03/2010     G-8127 1182916 23/02/2023 23/02/2023 Libro impreso